Science Quiz

Random Science or Geology Quiz

Cut the Right Gemstone Quiz Stats

 Plays Quiz Updated Apr 16, 2019

Score 0/20 Timer 04:00
8 Plays Today
Question Answer Wrong Answers
Which stone is diamond? Diamond
96%
Jade
0.5%
Lapis lazuli
0.4%
Which stone is amber? Amber
94.7%
Iron Pyrite
1%
Halite
1.1%
Which stone is ruby? Ruby
94.1%
Jade
2%
Turquoise
0.7%
Which stone is jade? Jade
90.9%
Amethyst
3%
Citrine
2.9%
Which stone is turquoise? Turquoise
88.9%
Sapphire
7.4%
Amber
0.6%
Which stone is amethyst? Amethyst
88.1%
Amber
4.5%
Jasper
4.2%
Which stone is iron pyrite? Iron Pyrite
87.5%
Halite
3.9%
Jasper
5.5%
Which stone is sapphire? Sapphire
87.1%
Garnet
7.7%
Citrine
1.9%
Which stone is opal? Opal
85.3%
Lapis lazuli
5%
Emerald
6.5%
Which stone is garnet? Garnet
82.7%
Tourmaline
8.8%
Turquoise
5.2%
Which stone is aquamarine? Aquamarine
82.6%
Diamond
1.1%
Sapphire
13.3%
Which stone is citrine? Citrine
80.9%
Ruby
2.5%
Peridot
13.3%
Which stone is lapis lazuli? Lapis lazuli
77.4%
Opal
13%
Aquamarine
6.3%
Which stone is emerald? Emerald
72%
Garnet
1.2%
Peridot
23.9%
Which stone is peridot? Peridot
71%
Jade
14.9%
Halite
10.7%
Which stone is halite? Halite
56.4%
Tourmaline
32.3%
Tanzanite
8.2%
Which stone is cinnabar? Cinnabar
54.7%
Garnet
34.1%
Ruby
8%
Which stone is jasper? Jasper
47.6%
Aquamarine
23.3%
Emerald
25.8%
Which stone is tanzanite? Tanzanite
46.8%
Amber
32.8%
Halite
17.1%
Which stone is tourmaline? Tourmaline
40.9%
Aquamarine
37.2%
Cinnabar
18.6%

You're not logged in!

Compare scores with friends on all Sporcle quizzes.
OR
Log In

Sporcle TV

Today on Sporcle TV


Watch our educational content, quiz creation guides, and fun videos on Sporcle TV.

Show Comments

Extras

Top Quizzes Today


Score Distribution

Your Account Isn't Verified!

In order to create a playlist on Sporcle, you need to verify the email address you used during registration. Go to your Sporcle Settings to finish the process.

Report this User

Report this user for behavior that violates our Community Guidelines.

Details: